• 首页
  • 本馆介绍
  • 公告通知
  • 最新文献
  • 馆藏检索
  • 电子资源
  • 读者导购
  • 参考咨询
  • 我的图书馆
  • 登录
  • 详细信息显示
  • 放入我的书架
  • 预约/预借图书
  • 作者相关作品
  • 分类相关作品
  • 丛书相关作品
  • 出版社相关作品

书目信息

  • 表格格式
  • 工作单格式
  • 卡片格式
题名:
西方近现代政治制度
    
 
作者: 罗徽武 主编
分册:  
出版信息: 成都   电子科技大学出版社  1992
页数: 388页
开本: 21cm
丛书名: 高中文科知识拓展丛书
单 册:
中图分类: D521
科图分类:
主题词: 政治制度--西方国家--近代 , 政治制度--西方国家--现代 , 政治制度
电子资源:
ISBN: 7-81016-381-7
000 00893oam2 2200277 45
001 0120062000005
005 20070113110619.85
010    @a7-81016-381-7@dCNY31.50
092    @aCN@b493150
100    @a20060504e20051992em y0chiy0121 ea
101 0  @achi
102    @aCN@b510000
105    @ay z 000yy
200 1  @a西方近现代政治制度@9xi fang jin xian dai zheng zhi zhi du@f罗徽武[等]主编
210    @a成都@c电子科技大学出版社@d1992@h2005重印
215    @a388页@d21cm
225 2  @a高中文科知识拓展丛书
330    @a本书论述了英、美、法、德、意、日等主要资本主义国家的政党制度、议会制度、政府制度、司法制度等问题。
461  0 @12001 @a高中文科知识拓展丛书
606 0  @a政治制度@y西方国家@z近代
606 0  @a政治制度@y西方国家@z现代
606 0  @a政治制度
690    @aD521@v4
701  0 @a罗徽武@9luo hui wu@4主编
801  0 @aCN@bLZJBOOK@c20070113
905    @a10447@dD521@e149
    
    西方近现代政治制度/罗徽武[等]主编.-成都:电子科技大学出版社,1992(2005重印)
    388页;21cm.-(高中文科知识拓展丛书)
    
    
    ISBN 7-81016-381-7:CNY31.50
    本书论述了英、美、法、德、意、日等主要资本主义国家的政党制度、议会制度、政府制度、司法制度等问题。
●
相关链接 在E读中查询图书 在五车中查询图书 在当当中查询图书 在豆瓣中查询图书


正题名:西方近现代政治制度     索取号:D521/149         预约/预借

序号 登录号 条形码 馆藏地/架位号 状态 备注
1 0552356   205523566   第一样本阅览室/ [索取号:D521/149] 在馆    
2 0552357   205523575   密集书库/ [索取号:D521/149] 在馆    
3 0552358   205523584   密集书库/ [索取号:D521/149] 在馆    
4 0552359   205523593   第一借阅区/ [索取号:D521/149] 在馆    
5 0552360   205523600   密集书库/ [索取号:D521/149] 在馆    
6 0552361   205523619   第一借阅区/ [索取号:D521/149] 在馆    
7 0552362   205523628   密集书库/ [索取号:D521/149] 在馆    
8 0552363   205523637   第一借阅区/ [索取号:D521/149] 在馆    
唐山师范学院图书馆 欢迎您!
大连网信软件有限公司© 版权所有